| 000 | 00455nam a2200193Ia 4500 | ||
|---|---|---|---|
| 005 | 20250423101054.0 | ||
| 008 | 250422s9999 xx 000 0 und d | ||
| 020 | _a0-13-646621-4 | ||
| 050 | _aQA 76.9 .S88 K45/ | ||
| 100 | _aKendall, Kenneth E. | ||
| 245 | 0 | _aSystem analysis and design | |
| 250 | _a4th ed. | ||
| 260 | _aNew York | ||
| 260 | _bPrentice Hall Inc | ||
| 260 | _c1999 | ||
| 300 | _a905 p | ||
| 650 | _aSystem Design | ||
| 942 | _cBK | ||
| 999 |
_c35199 _d35199 |
||